Social work & human development

Salvato in:
Dettagli Bibliografici
Autore principale: WALKER, Janet
Natura: Libro
Lingua:inglese
Pubblicazione: Sage/ Learning Matters 2017
Tags: Aggiungi Tag
Nessun Tag, puoi essere il primo ad aggiungerne!!

MARC

LEADER 00000nam a22000007a 4500
008 210531b ||||| |||| 00| 0 eng d
020 |a 978-1-4739-8981-8 
100 |a WALKER, Janet. 
245 |a Social work & human development  |c Janet Walker  |e (Transforming social work practice)  |g  xi, 236p.; ill 
250 |b 5th ed. 
260 |b Sage/ Learning Matters  |c 2017  |h Thousand Oaks, California  |i 692567   |i  692568  |l HV245 .W14  |m Social services – Great Britain.   |m Developmental psychology.  |m Human behavior   |m Social interaction – Psychological aspects 
500 |a “It includes references and index.” 
942 |a lcc  |c BK  |e Adekanye, I.H.  |f 31/05/2021 
952 |0 0  |1 0  |2 lcc  |4 0  |6 HV0245 W14  |7 0  |9 2534  |a HOL  |b SSL  |c GJ  |d 2021-05-31  |l 0  |o HV245 .W14  |p 2021-6386  |r 2021-05-31 00:00:00  |w 2021-05-31  |y BK 
952 |0 0  |1 0  |2 lcc  |4 0  |6 HV0245 W14  |7 0  |9 2535  |a HOL  |b HOL  |c GJ  |d 2021-05-31  |l 0  |o HV245 .W14  |p 2021-6387  |r 2021-05-31 00:00:00  |w 2021-05-31  |y BK 
999 |c 1318  |d 1318